1345 1498 1555 1235 1814 1610 1456 1521 1159 1761 1051 1106 1150 1752 1981 1684 1635 1928 1784 1239 1132 1443 1091 1432 1665 1684 1151 1602 1005 1909 1535 1311 1773 1360 1403 1154 1448 1124 1562 1791 1750 1944 1264 1203 1900 1256 1704 1605 1808 1033 1563 1746 1786 1552 1426 1575 1817 1076 1063 1351 1390 1397 1174 1570 1967 1192 1792 1541 1808 1925 1435 1409 1016 1332 1765 1042 1290 1248 1442 1447 1422 1938 1577 1790 1571 1619 1213 1258 1514 1309 1273 1433 1791 1028 1500 1641 1114 1135 1057 BCNSPRNW ULIB Ver.6.0+V

เปลี่ยนเป็นภาษาไทย

Change to English
 แสดงรายละเอียดบรรณานุกรม
  กลับหน้าหลัก

Brief Record : Get Marc (ISO 2709) : E-mail record : QR code < ปิดหน้าต่าง
LEADER : 00000nam 2200000uu 4500
001    13399111745
003     ULIB
008    110707s2551||||th 000 0 tha d
020    9789748233338
090 04 CT3203^bส357ค 2551
100 0  สฤณี อาชวานันทกุล
245 10 คน(ไม่)สำคัญ /^cสฤณี อาชวานันทกุล
260    กรุงเทพฯ :^bopenbooks,^c2551
300    170 หน้า :^bภาพประกอบ ;^c20 ซม
650  7 การเปลี่ยนแปลงทางสังคม
945    ^p150^l0^i028004
995    ทศพร
999 ^a ใช้งานได้ทุกระบบ
รายการนี้ยังไม่มีแท็ก
คุณยังไม่ได้ล็อกอิน คุณสามารถมีกิจกรรมร่วมกับเว็บไซต์ได้ แต่ต้องล็อกอินก่อน ::
  ล็อกอิน

รายการสื่อสารสนเทศ

ลำดับที่ ประเภท เลขเรียก/บาร์โค้ด สถานที่ สถานะ
- ไม่พบข้อมูล -

รายการใกล้เคียง
    หัวเรื่อง [การเปลี่ยนแปลงทางสังคม]

BibComment


ยังไม่เคยถูกคอมเมนท์

คอมเมนท์ทรัพยากรรายการนี้
  คอมเมนท์: คนไม่สำคัญ สฤณี ..


 Copyright 2026. Bcnsprnw @Library